• 首页
  • 本馆介绍
  • 公告通知
  • 最新文献
  • 馆藏检索
  • 电子资源
  • 读者导购
  • 参考咨询
  • 我的图书馆
  • 登录
  • 详细信息显示
  • 放入我的书架
  • 预约/预借图书
  • 作者相关作品
  • 分类相关作品
  • 丛书相关作品
  • 出版社相关作品

书目信息

  • 表格格式
  • 工作单格式
  • 卡片格式
书名: Essentials of world regional geography
作者: Jesse H. Wheeler, Jr., J. Trenton Kostbade.
分册号:
分册名:
出版地: Fort Worth :
 
出版社: Saunders College Pub
出版时间: c1993.
页数: 1 v. (various pagings) :
开本: 28 cm.
丛书名:
中图分类号:
科图分类号:
其他分类号: F1
主题词:
电子资源:
000 01027nam a2200301 a 450
001 E0760798702
005 20070425165451.96
008 930224s1993 txua b 001 0 eng
010    @a92062178
020    @a0030290236.
035    @A(DLC) 92062178
040    @aDLC@cDLC@dDLC
050 00 @aG128@b.W46 1993
082 00 @a910@2 20
090    @aF1
099    @dF1@ex17
100 1  @aWheeler, Jesse H.
245 10 @aEssentials of world regional geography / @cJesse H. Wheeler, Jr., J. Trenton Kostbade.
260    @aFort Worth :@bSaunders College Pub.,@cc1993.
300    @a1 v. (various pagings) :@bill. (some col.) ;@c28 cm.
490 0  @aSaunders golden sunburst series
504    @aIncludes bibliographical references and index.
650  0 @aGeography.
700 1  @aKostbade, J. Trenton.
906    @a7@bcbc@corignew@d3@eopcn@f19@gy-gencatlg
922    @aad
955    @ajd99 to jd00 02-24-93; jd07 04-26-93; jd05 04-26-93; jd11 05-06-93; aa00 06-03-93
991    @bc-GenColl@hG128@i.W46 1993@tCopy 1@wBOOKS
    
    Essentials of world regional geography / / Jesse H. Wheeler, Jr., J. Trenton Kostbade.-Fort Worth : : Saunders College Pub., , c1993.
    1 v. (various pagings) : : ill. (some col.) ; ; 28 cm.- (Saunders golden sunburst series )
    Includes bibliographical references and index.
    
    ISBN 0030290236.
    
●
相关链接 在E读中查询图书 在五车中查询图书 在当当中查询图书 在豆瓣中查询图书


正题名:Essentials of world regional geography     索取号:F1/x17         预约/预借

序号 登录号 条形码 馆藏地/架位号 状态 备注
1 5580   300055801   第二样本阅览室/ [索取号:F1/x17] 在馆    
2 5581   300055810   第四借阅区/ [索取号:F1/x17] 在馆    
3 5582   300055829   第四借阅区/ [索取号:F1/x17] 在馆    
4 5583   300055838   密集书库/ [索取号:F1/x17] 在馆    
5 5584   300055847   密集书库/ [索取号:F1/x17] 在馆    
6 5585   300055856   密集书库/ [索取号:F1/x17] 在馆    
唐山师范学院图书馆 欢迎您!
大连网信软件有限公司© 版权所有